UM Logo

A novel pyramid winding for PCB planar inductors with fewer copper layers and lower AC copper loss / (Record no. 19942)

MARC details
000 -LEADER
fixed length control field 01243nam a22002657a 4500
005 - DATE AND TIME OF LATEST TRANSACTION
control field 20260326193641.0
008 - FIXED-LENGTH DATA ELEMENTS--GENERAL INFORMATION
fixed length control field 240402b ||||| |||| 00| 0 eng d
082 ## - DEWEY DECIMAL CLASSIFICATION NUMBER
Classification number DPer 621.381 Ie21 October 2022 v. 37 n. 10
100 ## - MAIN ENTRY--PERSONAL NAME
Personal name Yu, Zheyuan.
Relator term author.
9 (RLIN) 55723
245 ## - TITLE STATEMENT
Title A novel pyramid winding for PCB planar inductors with fewer copper layers and lower AC copper loss /
Statement of responsibility, etc. Zheyuan Yu, Xu Yang, Gaohao Wei, Yongxing Zhou, Yao Xiao, Mengjie Qin, Jiarui Wu, Kangping Wang, Wenjie Chen, and Laili Wang.
260 ## - PUBLICATION, DISTRIBUTION, ETC. (IMPRINT)
Place of publication, distribution, etc. New York ;
Name of publisher, distributor, etc. The Institute of Electrical and Electronics Engineers, Inc. ,
Date of publication, distribution, etc. October 2022.
300 ## - PHYSICAL DESCRIPTION
Extent Volume 37, pages 11461-11468 ;
Other physical details illustration ;
Dimensions 28 cm.
500 ## - GENERAL NOTE
General note IEEE Transactions on Power Electronics, v. 37, n. 10, pages 11461-11468, October 2022.
700 ## - ADDED ENTRY--PERSONAL NAME
Personal name Yu, Zheyuan.
Relator term author.
9 (RLIN) 55723
700 ## - ADDED ENTRY--PERSONAL NAME
Personal name Yang, Xu.
Relator term author.
9 (RLIN) 55724
700 ## - ADDED ENTRY--PERSONAL NAME
Personal name Wei, Gaohao.
Relator term author.
9 (RLIN) 55725
700 ## - ADDED ENTRY--PERSONAL NAME
Personal name Zhou, Yongxing.
Relator term author.
9 (RLIN) 55726
700 ## - ADDED ENTRY--PERSONAL NAME
Personal name Xiao, Yao.
Relator term author.
9 (RLIN) 55727
700 ## - ADDED ENTRY--PERSONAL NAME
Personal name Qin, Mengjie.
Relator term author.
9 (RLIN) 55728
700 ## - ADDED ENTRY--PERSONAL NAME
Personal name Wu, Jiarui.
Relator term author.
9 (RLIN) 55729
700 ## - ADDED ENTRY--PERSONAL NAME
Personal name Wang, Kangping.
Relator term author.
9 (RLIN) 55730
700 ## - ADDED ENTRY--PERSONAL NAME
Personal name Chen, Wenjie.
Relator term author.
9 (RLIN) 55731
700 ## - ADDED ENTRY--PERSONAL NAME
Personal name Wang, Laili.
Relator term author.
9 (RLIN) 55732
942 ## - ADDED ENTRY ELEMENTS (KOHA)
Source of classification or shelving scheme Dewey Decimal Classification
Koha item type Periodicals
Holdings
Withdrawn status Lost status Source of classification or shelving scheme Damaged status Not for loan Collection code Home library Current library Date acquired Total Checkouts Full call number Date last seen Price effective from Koha item type Public note
    Dewey Decimal Classification     Periodicals UM Digos College - LIC UM Digos College - LIC 04/02/2024   DPer 621.317 Ie21 October 2022 v. 37 n. 10 04/02/2024 04/02/2024 Periodicals Periodical Article